|
|
|
|
| LEADER |
00000nam0a2200000 4500 |
| 001 |
36245 |
| 005 |
20231031001504.0 |
| 035 |
|
|
|a (RuTPU)RU\TPU\book\36715
|
| 035 |
|
|
|a BOOK00003367
|
| 090 |
|
|
|a 36245
|
| 100 |
|
|
|a 20011210d1981 k y0rusy50 ca
|
| 101 |
0 |
|
|a rus
|
| 102 |
|
|
|a RU
|
| 105 |
|
|
|a y z 000zy
|
| 200 |
1 |
|
|a Аллергия
|f В. А. Адо, Л. А. Горячкина, Д. Н. Маянский
|
| 210 |
|
|
|a Новосибирск
|c Наука
|d 1981
|
| 215 |
|
|
|a 113 с.
|
| 610 |
1 |
|
|a медицина
|
| 610 |
1 |
|
|a заболевания
|
| 610 |
1 |
|
|a аллергия
|
| 610 |
1 |
|
|a аллергены
|
| 610 |
1 |
|
|a возникновение
|
| 610 |
1 |
|
|a развитие
|
| 610 |
1 |
|
|a природа
|
| 675 |
|
|
|a 616
|v 3
|
| 700 |
|
1 |
|a Адо
|b В. А.
|g Вячеслав Андреевич
|
| 701 |
|
1 |
|a Горячкина
|b Л. А.
|g Людмила Александровна
|
| 701 |
|
1 |
|a Маянский
|b Д. Н.
|g Дмитрий Николаевич
|
| 801 |
|
0 |
|a RU
|b 63413507
|c 20011210
|g PSBO
|
| 801 |
|
2 |
|a RU
|b 63413507
|c 20170629
|g RCR
|
| 942 |
|
|
|c BK
|